000 01558nam a2200313 i 4500
001 42692
003 ES-MaACL
005 20250806030115.0
007 t|
008 030313s1889 sp |||| | spa d
040 _cES-MaACL
080 _a341.96:347.78
100 1 _aCastillo y Soriano, José del,
_d1849-1928
_936778
245 1 0 _aMemoria presentada al Excmo. Sr. Ministro de Fomento /
_cpor el secretario de la Asociación de Escritores y Artistas Españoles, D. José del Castillo y Soriano, representante de dicho Ministerio en el Congreso Literario y Artístico Internacional de Venecia, septiembre 1888.
246 3 _aCongreso Literario y Artístico Internacional de Venecia
260 _aMadrid :
_b[s.n.],
_c1889 (
_fTip. de Manuel Ginés Hernández)
300 _a47 p. ;
_c23 cm.
500 _aCon referencias al Congreso de 1887, celebrado en Madrid, y sus actividades en el Ateneo de Madrid
530 _aDisponible en formato digital
611 2 _aCongreso Literario Artístico Internacional.
_d(1888.
_cVenecia)
_9140401
611 2 4 _aCongreso Literario Artístico Internacional
_c(Madrid.
_d1887)
_9494
650 4 _aPropiedad intelectual (Derecho internacional)
_9143426
710 2 _aAsociación de Escritores y Artistas Españoles.
_91585
852 4 _aES-MaACL
_jT-893-F-8
_z- Sello del Ministerio de Fomento
856 4 _uhttp://bdh-rd.bne.es/viewer.vm?id=0000103839&page=1
_zBiblioteca Digital Hispánica
942 _cFOLLETOS
_n0
999 _c42692
_d42692